Siegen-Wittgenstein municipalities by Coat of Arms - Statistics

General Stats
  • This quiz has been taken 6 times
  • The average score is 7 of 11
Answer Stats
Picture Answer % Correct
Siegen
100%
Bad Berleburg
80%
Netphen
80%
Bad Laasphe
60%
Erndtebrück
60%
Hilchenbach
60%
Kreuztal
60%
Burbach
40%
Freudenberg
40%
Neunkirchen
40%
Wilnsdorf
40%
No matching quizzes found
Score Distribution
Percent of People with Each Score
Percentile by Number Answered
Your Score History
You have not taken this quiz